[Event "GER-chT U14"]
[Site "Arendsee"]
[Date "2009.12.28"]
[Round "4.3"]
[White "Lang, Sebastian"]
[Black "Essig, Philipp"]
[Result "1-0"]
[WhiteElo "1182"]
[BlackElo "1049"]
[PlyCount "135"]
[EventDate "2009.12.27"]
[EventType "team-swiss"]
[EventRounds "7"]
[EventCountry "GER"]
[SourceTitle "EXT 2022"]
[Source "ChessBase"]
[SourceDate "2021.10.06"]
[SourceVersion "1"]
[SourceVersionDate "2021.10.06"]
[SourceQuality "1"]
[WhiteTeam "Dresden Gruen Weiss U14"]
[BlackTeam "Eppingen U14"]
[WhiteTeamCountry "GER"]
[BlackTeamCountry "GER"]

1. e4 e6 2. d3 d5 3. Nd2 Bc5 4. Ngf3 Nc6 5. g3 Nf6 6. Bg2 0-0 7. 0-0 d4 8. Nb3 Be7 9. e5 Ng4 10. Re1 f6 11. exf6 Bxf6 12. Nc5 e5 13. Ne4 Bf5 14. h3 Nh6 15. Bxh6 gxh6 16. Nxf6+ Qxf6 17. Re2 Rae8 18. Nd2 b5 19. Ne4 Bxe4 20. Bxe4 Ne7 21. Qd2 c5 22. Qa5 Qb6 23. Qxb6 axb6 24. a4 bxa4 25. Rxa4 Kf7 26. Ra6 Rb8 27. Bxh7 Kg7 28. Ra7 Kf6 29. f4 Nc6 30. fxe5+ Nxe5 31. Rf2+ Ke6 32. Rxf8 Rxf8 33. Be4 Kd6 34. Kg2 h5 35. Rh7 b5 36. Rh6+ Ke7 37. Rxh5 Ke6 38. Rh6+ Ke7 39. Rh7+ Ke6 40. Ra7 Kd6 41. Ra6+ Kc7 42. Re6 Nd7 43. Rc6+ Kd8 44. Rd6 Kc7 45. Rd5 Kc8 46. Bf5 Rf7 47. Bxd7+ Rxd7 48. Rxd7 Kxd7 49. Kf3 Ke6 50. Ke4 Kd6 51. g4 Ke6 52. g5 Kf7 53. Kd5 Kg6 54. h4 c4 55. Kxd4 cxd3 56. cxd3 Kh5 57. Ke4 b4 58. d4 Kg6 59. d5 Kh5 60. d6 Kxh4 61. d7 Kxg5 62. d8Q+ Kg6 63. Qf8 b3 64. Qf5+ Kg7 65. Ke5 Kh6 66. Qg4 Kh7 67. Kf6 Kh8 68. Qg7# 1-0